|
|
|
|
| LEADER |
00000nam a2200000 a 4500 |
| 001 |
vtls001465392 |
| 003 |
SK-MaSNL |
| 005 |
20260302073245.0 |
| 008 |
240314s2003 xo a slo |
| 015 |
|
|
|a SNBA2004/10-05574
|
| 020 |
|
|
|a 8010002429
|
| 035 |
|
|
|a SNK000420697
|
| 035 |
|
|
|a urn:nbn:sk:snk-amluh6
|
| 035 |
|
|
|a urn:nbn:sk:snk-am00cdml
|
| 035 |
|
|
|a 791F9462-95FB-4E94-A4E9-5FB1623CA304
|
| 040 |
|
|
|a SNK
|b slo
|c SNK
|e AACR2
|
| 041 |
0 |
|
|a slo
|
| 044 |
|
|
|a xo
|c SK
|
| 072 |
|
7 |
|a 75
|2 konspekt
|
| 080 |
|
|
|a 75(0.053.2)(035)
|2 2. slo
|
| 080 |
|
|
|a 75
|2 1981
|
| 080 |
|
|
|a (035)
|2 1981
|
| 080 |
|
|
|a (084.12)
|2 1981
|
| 100 |
1 |
|
|a Watt, Fiona,
|d 1960-
|4 aut
|9 158913
|
| 240 |
1 |
0 |
|a The usborne book of art skills
|l Slovensky
|
| 245 |
1 |
0 |
|a Tvorivé maľovanie
|b [vyše 120 nápadov na maľovanie pastelmi, akvarelovými, akrylovými a temperovými farbami, koláže, frotáž, odtláčanie gumou, kartónom, perokresba, kombinované techniky, originálne materiály-]
|c Fiona Wattová ; grafická úprava a ilustrácie Antonia Millerová ... [et al.] ; [preklad: Alojz Keníž]
|
| 250 |
|
|
|a 1. vyd..
|
| 260 |
|
|
|a Bratislava
|b Mladé letá
|c 2003
|
| 300 |
|
|
|a 95 s.
|b fareb. fotogr.
|c 32 cm
|
| 500 |
|
|
|a Fareb. ilustr. na tit. strane
|
| 500 |
|
|
|a Fotogr.: Howard Allman
|
| 650 |
0 |
7 |
|a maľovanie
|x príručky
|x knihy pre deti
|2 SNK
|9 737450
|
| 650 |
0 |
7 |
|a maľovanie
|2 SNK
|9 49775
|
| 655 |
|
7 |
|a príručky
|2 SNK
|9 74364
|
| 655 |
|
7 |
|a príručky
|2 SNK
|9 74364
|
| 655 |
|
7 |
|a fotografické publikácie
|2 SNK
|9 70483
|
| 700 |
1 |
|
|a Miller, Antonia
|4 ill
|4 ill
|9 332143
|
| 700 |
1 |
|
|a Keníž, Alojz,
|d 1952-
|4 trl
|9 92268
|
| 919 |
|
|
|a 80-10-00242-9
|
| 958 |
|
|
|a OP
|
| 958 |
|
|
|a NS
|
| 968 |
|
|
|d 73/77
|
| 999 |
|
|
|c 1160102
|d 1162032
|
| 952 |
|
|
|t P60, <03>, [BOOK], {603}
|a SNK
|b SNK
|y PREZ
|7 0
|p 17A0405964
|o snkSB 67782
|i snkKSP 15938/2003
|0 0
|1 0
|4 0
|d 2003-12-16
|f 1
|l 0
|r 2025-04-16 00:00:00
|w 2026-02-24
|
| 952 |
|
|
|t snkTVO 75
|a SNKUST
|b SNKUST
|y PREZ
|7 0
|p 17A0405963
|o snkSB 67782 D1
|i snkKSP 15939/2003
|0 0
|1 0
|4 0
|d 2003-12-16
|l 0
|r 2025-05-29 00:00:00
|w 2026-02-24
|